[Event "Lublin"]
[Site "Lublin"]
[Date "2012.??.??"]
[Round "1.1"]
[White "Siedlanowski, Lukasz"]
[Black "Stoma, Pawel"]
[Result "0-1"]
[WhiteElo "1893"]
[BlackElo "2310"]
[PlyCount "72"]
[EventDate "2012.??.??"]

1. e4 d5 2. exd5 Qxd5 3. Nf3 Nf6 4. d4 Bg4 5. Be2 e6 6. O-O Nc6 7. Be3 Rd8 8.
Nbd2 Be7 9. c3 O-O 10. Re1 Rfe8 11. h3 Bh5 12. Bf4 Qd7 13. Qb3 Nd5 14. Bg3 Bd6
15. Ne4 Bxg3 16. fxg3 Qc8 17. Nc5 b6 18. Ba6 Qb8 19. Nd3 Bxf3 20. gxf3 Na5 21.
Qa4 c5 22. f4 Nc7 23. Nxc5 bxc5 24. Qxa5 Nxa6 25. Qxa6 Qxb2 26. Qd3 cxd4 27.
cxd4 Rxd4 28. Qb3 Rb8 29. Qxb2 Rxb2 30. Rab1 Rxb1 31. Rxb1 h5 32. Rb8+ Kh7 33.
Rb7 f5 34. Rxa7 h4 35. Kf2 Rd2+ 36. Ke3 hxg3 0-1

[Event "Lublin"]
[Site "Lublin"]
[Date "2012.??.??"]
[Round "1.2"]
[White "Polkowski, Piotr"]
[Black "Wroblewski, Mieczyslaw"]
[Result "1-0"]
[WhiteElo "2191"]
[BlackElo "1817"]
[PlyCount "73"]
[EventDate "2012.??.??"]

1. e4 c5 2. Nc3 Nc6 3. f4 e6 4. Nf3 g6 5. Bc4 a6 6. a4 Nge7 7. d3 d5 8. Bb3 Bg7
9. O-O O-O 10. Qe1 Nd4 11. Nxd4 Bxd4+ 12. Kh1 dxe4 13. Nxe4 b6 14. a5 Bb7 15.
axb6 Qxb6 16. Qa5 Qxa5 17. Rxa5 Bxe4 18. dxe4 Nc6 19. Ra3 Bf6 20. c3 Be7 21.
Bc4 a5 22. Kg1 Rfc8 23. Kf2 h6 24. Ke2 g5 25. g3 Nb8 26. Rd1 Rc7 27. Bb5 Raa7
28. Be3 Nc6 29. Rd2 Ra8 30. Rd7 Rxd7 31. Bxc6 Rda7 32. Bxa8 Rxa8 33. Rb3 a4 34.
Rb7 Kf8 35. Kd3 a3 36. bxa3 Rxa3 37. Rxe7 1-0

[Event "Lublin"]
[Site "Lublin"]
[Date "2012.??.??"]
[Round "1.3"]
[White "Krasowski, Piotr"]
[Black "Praszak, Michal"]
[Result "0-1"]
[WhiteElo "1815"]
[BlackElo "2138"]
[PlyCount "107"]
[EventDate "2012.??.??"]

1. d4 Nf6 2. Nf3 c5 3. c3 b6 4. Bf4 Bb7 5. e3 Nh5 6. Bg5 h6 7. Bh4 g5 8. Ne5
Nf6 9. Bg3 d6 10. Bb5+ Nbd7 11. Nxd7 Nxd7 12. O-O a6 13. Ba4 b5 14. Bb3 c4 15.
Bc2 Nf6 16. Nd2 h5 17. f4 h4 18. fxg5 hxg3 19. gxf6 gxh2+ 20. Kh1 e6 21. e4 Bh6
22. Qh5 Qd7 23. a4 O-O-O 24. axb5 Bxd2 25. Qe2 Bg5 26. bxa6 Ba8 27. Qxc4+ Qc7
28. Qb5 d5 29. e5 Qa7 30. b4 Kc7 31. Qd3 Rb8 32. b5 Qb6 33. Rab1 Rbc8 34. Rf3
Kb8 35. Rg3 Rcg8 36. Rh3 Bh6 37. Rh5 Qa5 38. Bb3 Rc8 39. Rh3 Ka7 40. b6+ Qxb6
41. Bxd5 Qxb1+ 42. Qxb1 Bxd5 43. Qb5 Rb8 44. Qf1 Be4 45. Rd3 Bf4 46. d5 Rb2 47.
Rd1 exd5 48. e6 fxe6 49. f7 Bxg2+ 50. Qxg2 Rxg2 51. Kxg2 Rf8 52. Re1 e5 53. Rd1
Rxf7 54. Rxd5 0-1

[Event "Lublin"]
[Site "Lublin"]
[Date "2012.??.??"]
[Round "1.4"]
[White "Maka, Michal"]
[Black "Kaluszynski, Andrze"]
[Result "0-1"]
[WhiteElo "2026"]
[BlackElo "1725"]
[PlyCount "52"]
[EventDate "2012.??.??"]

1. c4 c5 2. Nf3 g6 3. g3 Nf6 4. Bg2 Nc6 5. d4 cxd4 6. Nxd4 Bg7 7. O-O O-O 8.
Nc3 Qb6 9. e3 d6 10. Qb3 Qc5 11. Nxc6 bxc6 12. Na4 Qa5 13. Bxc6 Bh3 14. Bxa8
Bxf1 15. Kxf1 Rxa8 16. Qb7 Re8 17. Qb5 Qc7 18. Bd2 Rb8 19. Qa6 Ne4 20. Ba5 Qd7
21. Bc3 Qf5 22. Be1 Bxb2 23. Qxa7 Rb4 24. Rd1 Qf3 25. Rb1 Nxf2 26. Bxf2 Bd4 0-1

[Event "Lublin"]
[Site "Lublin"]
[Date "2012.??.??"]
[Round "1.5"]
[White "Chlewinski, Artur"]
[Black "Krzyzanowski, Wojciech"]
[Result "1-0"]
[WhiteElo "1696"]
[BlackElo "1988"]
[PlyCount "53"]
[EventDate "2012.??.??"]

1. e4 c5 2. Nf3 Nc6 3. d4 cxd4 4. Nxd4 Nf6 5. Nc3 e5 6. Ndb5 d6 7. Bg5 a6 8.
Na3 b5 9. Nd5 Be7 10. Bxf6 Bxf6 11. c3 Ne7 12. Nxf6+ gxf6 13. Nc2 Bb7 14. Bd3
d5 15. Qf3 f5 16. Qg3 f4 17. Qg7 Ng6 18. exd5 e4 19. Bxe4 Qe7 20. O-O-O O-O-O
21. Rhe1 Qg5 22. Qxf7 Rhf8 23. Qxh7 Nh4 24. d6 Rd7 25. Bxb7+ Rxb7 26. d7+ Kd8
27. Re8+ 1-0

[Event "Lublin"]
[Site "Lublin"]
[Date "2012.??.??"]
[Round "1.6"]
[White "Pikulinski, Janusz"]
[Black "Fiala, Lukasz"]
[Result "1/2-1/2"]
[WhiteElo "1967"]
[BlackElo "1609"]
[PlyCount "99"]
[EventDate "2012.??.??"]

1. e4 c5 2. Nf3 d6 3. d4 cxd4 4. Nxd4 Nc6 5. Nc3 Nf6 6. Be2 g6 7. Be3 Bg7 8.
O-O O-O 9. Qd2 Ng4 10. Bxg4 Bxg4 11. Nxc6 bxc6 12. Bd4 Bxd4 13. Qxd4 Qb6 14.
Qxb6 axb6 15. f4 Be6 16. f5 Bc4 17. Rf4 Ra5 18. g4 Rfa8 19. a3 Re5 20. Rf2 gxf5
21. gxf5 Kh8 22. Rg2 Rg8 23. Rxg8+ Kxg8 24. Kf2 e6 25. Rg1+ Kh8 26. f6 Rh5 27.
b3 Rxh2+ 28. Rg2 Rxg2+ 29. Kxg2 Ba6 30. Na4 b5 31. Nb6 h6 32. a4 bxa4 33. bxa4
Kh7 34. a5 Kg6 35. Na8 Kxf6 36. Nc7 Bc8 37. Kf3 Ke5 38. a6 Bxa6 39. Nxa6 Kd4
40. Nb4 c5 41. Nc6+ Kc3 42. Nd8 f5 43. Nxe6 fxe4+ 44. Kxe4 Kxc2 45. Ng7 c4 46.
Nf5 h5 47. Nxd6 c3 48. Nb5 h4 49. Kf4 Kb3 50. Nxc3 1/2-1/2

[Event "Lublin"]
[Site "Lublin"]
[Date "2012.??.??"]
[Round "2.1"]
[White "Stoma, Pawel"]
[Black "Czerw, Dawid"]
[Result "1-0"]
[WhiteElo "2310"]
[BlackElo "1957"]
[PlyCount "65"]
[EventDate "2012.??.??"]

1. d4 d5 2. Nf3 Nf6 3. Bf4 c5 4. c3 e6 5. e3 Nc6 6. a3 Bd6 7. dxc5 Bxc5 8. c4
O-O 9. Nc3 Qe7 10. cxd5 exd5 11. Be2 Rd8 12. Nb5 Bf5 13. O-O Rac8 14. Rc1 Bb6
15. Bg5 h6 16. Bh4 Bg6 17. Re1 Be4 18. Nc3 g5 19. Bg3 Bg6 20. Nd4 Ne5 21. Qb3
Rc5 22. Rcd1 Ba5 23. Bxe5 Qxe5 24. Qxb7 Bc7 25. Nf3 Qe7 26. Qb3 g4 27. Nh4 Ne4
28. Nxg6 fxg6 29. Nxe4 Qxe4 30. Rd4 Qe6 31. g3 Rb8 32. Qd3 Kg7 33. b4 1-0

[Event "Lublin"]
[Site "Lublin"]
[Date "2012.??.??"]
[Round "2.2"]
[White "Kaluszynski, Andrzej"]
[Black "Polkowski, Piotr"]
[Result "0-1"]
[WhiteElo "1725"]
[BlackElo "2191"]
[PlyCount "58"]
[EventDate "2012.??.??"]

1. c4 e5 2. Nc3 Nc6 3. g3 f5 4. Bg2 Nf6 5. d3 Bc5 6. e3 d6 7. Nge2 O-O 8. a3 a5
9. Rb1 Qe8 10. Bd2 Kh8 11. Nb5 Bb6 12. O-O f4 13. gxf4 Qh5 14. Ng3 Qh4 15. f5
Ng4 16. h3 Nh6 17. Kh2 Nxf5 18. Qh5 Qxh5 19. Nxh5 Nh4 20. f4 Nxg2 21. Kxg2 Be6
22. e4 g6 23. Ng3 exf4 24. Bxf4 Ne5 25. Bxe5+ dxe5 26. Nc3 c6 27. Nce2 Kg7 28.
Rbd1 Rad8 29. Rxf8 Rxf8 0-1

[Event "Lublin"]
[Site "Lublin"]
[Date "2012.??.??"]
[Round "2.3"]
[White "Praszak, Michal"]
[Black "Chlewinski, Artur"]
[Result "1-0"]
[WhiteElo "2138"]
[BlackElo "1696"]
[PlyCount "43"]
[EventDate "2012.??.??"]

1. d4 Nf6 2. c4 e6 3. g3 c6 4. Nf3 b5 5. Nbd2 bxc4 6. Nxc4 d5 7. Ncd2 Qa5 8.
Bg2 c5 9. dxc5 Bxc5 10. O-O Nbd7 11. Nb3 Qd8 12. Nxc5 Nxc5 13. Bd2 a5 14. b4
axb4 15. Bxb4 Nce4 16. Qc1 h5 17. h4 Qb6 18. e3 Ba6 19. Qa3 Ng4 20. Nd4 Ngxf2
21. Qa4+ Kd8 22. Ba5 1-0

[Event "Lublin"]
[Site "Lublin"]
[Date "2012.??.??"]
[Round "2.6"]
[White "Szczepaniak, Lukasz"]
[Black "Maka, Michal"]
[Result "1-0"]
[WhiteElo "1896"]
[BlackElo "2026"]
[PlyCount "96"]
[EventDate "2012.??.??"]

1. e4 c5 2. Nf3 e6 3. c3 Nf6 4. e5 Nd5 5. d4 cxd4 6. cxd4 Nc6 7. Bc4 d6 8. O-O
Be7 9. Nbd2 Qc7 10. exd6 Qxd6 11. Ne4 Qb4 12. Bb3 O-O 13. Bd2 Qb6 14. Nc3 Nxc3
15. bxc3 Bd7 16. Bf4 Bf6 17. Re1 Rfd8 18. Bg5 Bxg5 19. Nxg5 h6 20. Nxf7 Kxf7
21. d5 Ke7 22. dxc6 Qxc6 23. Qd4 Rf8 24. Re3 Rf6 25. Rae1 Raf8 26. f3 Qb6 27.
Qxb6 axb6 28. Bd5 Ra8 29. R1e2 Ra7 30. Rb2 b5 31. Rb4 Kd6 32. Bb3 Bc6 33. h4
Ra8 34. Rg4 g6 35. Kf2 Bd5 36. Rb4 Kc5 37. Kg3 b6 38. Re2 Ra6 39. Rd2 g5 40.
Rbd4 gxh4+ 41. Rxh4 Ra3 42. Rh5 Rg6+ 43. Kf2 Kc6 44. g4 Rf6 45. f4 Ra8 46. Ke3
Rg8 47. Bxd5+ exd5 48. f5 Ra8 1-0

[Event "Lublin"]
[Site "Lublin"]
[Date "2012.??.??"]
[Round "2.7"]
[White "Krzyzanowski, Wojciech"]
[Black "Krasowski, Piotr"]
[Result "1-0"]
[WhiteElo "1988"]
[BlackElo "1815"]
[PlyCount "67"]
[EventDate "2012.??.??"]

1. d4 e5 2. dxe5 d6 3. exd6 Bxd6 4. Nf3 Bg4 5. e3 Nf6 6. Be2 Nbd7 7. c4 Qe7 8.
Nc3 O-O-O 9. Nd4 h5 10. f3 Nb6 11. fxg4 c5 12. O-O cxd4 13. exd4 Bxh2+ 14. Kxh2
Nxg4+ 15. Kg3 Nf6 16. Bf4 g5 17. Be5 Nbd7 18. Rf5 Nxe5 19. Rxe5 Qd6 20. Nb5 Qb8
21. Qf1 Ne4+ 22. Kh3 g4+ 23. Kh4 Rd7 24. Qf4 a6 25. Qxe4 axb5 26. cxb5 Qd6 27.
Re8+ Kc7 28. Rxh8 Qf6+ 29. Kg3 Rxd4 30. Rc1+ Kb6 31. Rh6 h4+ 32. Kh2 Rxe4 33.
Rxf6+ Ka5 34. Rc2 1-0

[Event "Lublin"]
[Site "Lublin"]
[Date "2012.??.??"]
[Round "3.2"]
[White "Pikulinski, Janusz"]
[Black "Praszak, Michal"]
[Result "0-1"]
[WhiteElo "1967"]
[BlackElo "2138"]
[PlyCount "56"]
[EventDate "2012.??.??"]

1. g3 d5 2. Bg2 e5 3. d3 Nf6 4. c4 d4 5. Nf3 Nc6 6. O-O Be7 7. Na3 O-O 8. Nc2
a5 9. b3 h6 10. Bd2 Bg4 11. Be1 Qd7 12. a3 Bh3 13. b4 Bxg2 14. Kxg2 Qe6 15. e4
dxe3 16. fxe3 axb4 17. axb4 Rxa1 18. Qxa1 e4 19. Nfd4 Qd7 20. b5 Nxd4 21. exd4
Qg4 22. Qc3 Qe2+ 23. Rf2 Qxd3 24. Qxd3 exd3 25. Ne3 Ne4 26. Ra2 Bg5 27. Kf3 Re8
28. Nf1 Nd6 0-1

[Event "Lublin"]
[Site "Lublin"]
[Date "2012.??.??"]
[Round "3.3"]
[White "Czerw, Dawid"]
[Black "Szczepaniak, Lukasz"]
[Result "0-1"]
[WhiteElo "1957"]
[BlackElo "1896"]
[PlyCount "76"]
[EventDate "2012.??.??"]

1. d4 d5 2. c4 c6 3. Nf3 Nf6 4. Nc3 e6 5. Bg5 dxc4 6. e4 b5 7. e5 h6 8. Bh4 g5
9. Nxg5 hxg5 10. Bxg5 Nbd7 11. exf6 Bb7 12. Qf3 Qb6 13. Be3 O-O-O 14. O-O-O c5
15. Ne4 cxd4 16. Bxd4 Nc5 17. Bxc5 Bxc5 18. Be2 Bxf2 19. Qxf2 Bxe4 20. Qxb6
axb6 21. Rxd8+ Kxd8 22. h4 Bxg2 23. Rg1 Be4 24. h5 Rh6 25. Rd1+ Kc7 26. Rd4 Bd5
27. a4 bxa4 28. Bxc4 Rxh5 29. Bb5 Bc6 30. Bxa4 Bxa4 31. Rxa4 Kb7 32. Rd4 Rd5
33. Rxd5 exd5 34. Kd2 Kc6 35. Kd3 Kd6 36. Kd4 Ke6 37. b4 Kd6 38. b5 Ke6 0-1

[Event "Lublin"]
[Site "Lublin"]
[Date "2012.??.??"]
[Round "3.5"]
[White "Chwalewski, Marek"]
[Black "Fiala, Lukasz"]
[Result "1-0"]
[WhiteElo "1939"]
[BlackElo "1609"]
[PlyCount "59"]
[EventDate "2012.??.??"]

1. Nf3 f5 2. e4 fxe4 3. Ng5 Nf6 4. d3 e5 5. dxe4 Be7 6. Bc4 d5 7. exd5 Qd6 8.
Nc3 O-O 9. Ne6 Bxe6 10. dxe6 Qc5 11. Qe2 Nc6 12. Be3 Nd4 13. Bxd4 exd4 14. Nd1
Ne4 15. Bd3 Qa5+ 16. Kf1 Nc5 17. f3 Rf6 18. Nf2 Nxd3 19. Qxd3 Rd8 20. h4 Qb6
21. Re1 Qxb2 22. Ne4 Rxe6 23. Qc4 Kf8 24. Qxe6 Qb5+ 25. Kg1 d3 26. Qxe7+ Kxe7
27. Nc3+ Qe5 28. Rxe5+ Kf6 29. Re1 dxc2 30. Kh2 1-0

[Event "Lublin"]
[Site "Lublin"]
[Date "2012.??.??"]
[Round "3.7"]
[White "Chlewinski, Artur"]
[Black "Kaluszynski, Andrzej"]
[Result "0-1"]
[WhiteElo "1696"]
[BlackElo "1725"]
[PlyCount "52"]
[EventDate "2012.??.??"]

1. e4 d5 2. exd5 Qxd5 3. Nc3 Qa5 4. b3 Nf6 5. Bb2 Bf5 6. Be2 Nbd7 7. Bf3 O-O-O
8. g4 Bg6 9. h4 h6 10. d3 e6 11. a3 Ne5 12. Be2 Qb6 13. Na4 Qc6 14. Rh3 Bd6 15.
f4 Nexg4 16. Bf3 Nd5 17. Bxg4 b5 18. Bf3 bxa4 19. c4 Qb6 20. cxd5 Qxg1+ 21. Ke2
Qb6 22. Bxg7 Bxf4 23. Bg4 f5 24. bxa4 fxg4 25. Rb1 gxh3 26. Rxb6 Bh5+ 0-1

[Event "Lublin"]
[Site "Lublin"]
[Date "2012.??.??"]
[Round "3.9"]
[White "Krasowski, Piotr"]
[Black "Wroblewski, Mieczyslaw"]
[Result "1-0"]
[WhiteElo "1815"]
[BlackElo "1817"]
[PlyCount "77"]
[EventDate "2012.??.??"]

1. d4 Nf6 2. Nf3 b6 3. Bf4 Bb7 4. e3 e6 5. Bd3 Ne4 6. Nbd2 Nxd2 7. Qxd2 d5 8.
Ng5 Be7 9. h4 h6 10. Nf3 Bd6 11. Ne5 a6 12. Qe2 Nd7 13. Qg4 Bxe5 14. dxe5 Qe7
15. c3 O-O-O 16. b4 f5 17. Qe2 b5 18. a4 c6 19. axb5 cxb5 20. Bg3 g5 21. h5 Qg7
22. O-O Rhg8 23. Bxb5 axb5 24. Qxb5 f4 25. Ra7 Nb8 26. Bh2 Rd7 27. Rfa1 Rc7 28.
Qb6 Qxe5 29. exf4 Qxc3 30. Qxe6+ Rd7 31. Qxg8+ Rd8 32. Qe6+ Rd7 33. fxg5 hxg5
34. Bxb8 Kd8 35. Be5 Qxb4 36. Ra8+ Bc8 37. Rxc8+ Kxc8 38. Ra8+ Kb7 39. Qa6# 1-0

[Event "Lublin"]
[Site "Lublin"]
[Date "2012.??.??"]
[Round "3.1"]
[White "Polkowski, Piotr"]
[Black "Stoma, Pawel"]
[Result "0-1"]
[WhiteElo "2191"]
[BlackElo "2310"]
[PlyCount "92"]
[EventDate "2012.??.??"]

1. e4 c6 2. Nc3 d5 3. d3 Nf6 4. Nf3 Bg4 5. Be2 Nbd7 6. h3 Bxf3 7. Bxf3 d4 8.
Nb1 e5 9. Nd2 g6 10. Qe2 Bg7 11. g3 O-O 12. O-O Ne8 13. Bg2 Nd6 14. Nf3 Qb6 15.
a4 Rac8 16. b3 f5 17. Nd2 Qc7 18. Ba3 c5 19. Rae1 a6 20. Kh2 b5 21. axb5 axb5
22. Ra1 Nf6 23. Bb2 Bh6 24. Rfe1 Rf7 25. Kg1 Rcf8 26. Nf3 fxe4 27. Nxe5 Re7 28.
Ng4 Nxg4 29. Qxg4 e3 30. f4 Nf5 31. Be4 Qd6 32. Re2 Rg7 33. h4 Nxg3 34. Qxg3
Bxf4 35. Qh3 Bg3 36. Kg2 Bf2 37. Ra8 Rxa8 38. Bxa8 Rf7 39. Bf3 Kg7 40. c3 Qe5
41. cxd4 cxd4 42. Be4 Kh6 43. Rxe3 Bxe3 44. Qxe3+ dxe3 45. Bxe5 e2 46. Bc3 Rf1
0-1

[Event "Lublin"]
[Site "Lublin"]
[Date "2012.??.??"]
[Round "4.1"]
[White "Stoma, Pawel"]
[Black "Praszak, Michal"]
[Result "1-0"]
[WhiteElo "2310"]
[BlackElo "2138"]
[PlyCount "95"]
[EventDate "2012.??.??"]

1. e4 Nf6 2. Nc3 e5 3. Nf3 Nc6 4. Bb5 Bc5 5. O-O d6 6. d3 a6 7. Bxc6+ bxc6 8.
d4 exd4 9. Nxd4 Bd7 10. Bg5 h6 11. Bh4 g5 12. Bg3 Ng4 13. Nf5 Bxf5 14. exf5 Nf6
15. Re1+ Kf8 16. Na4 Ba7 17. Qf3 h5 18. Qxc6 h4 19. Be5 Bxf2+ 20. Kxf2 Ng4+ 21.
Kg1 Nxe5 22. Qd5 Kg7 23. Rf1 Qf6 24. Rad1 Rhd8 25. h3 Rab8 26. b3 Rb5 27. Qd2
Nd7 28. Nc3 Rxf5 29. Ne4 Qe5 30. Rxf5 Qxf5 31. Rf1 Qe5 32. Nxg5 Nf6 33. Nf3
Qc5+ 34. Qf2 Qxf2+ 35. Rxf2 Rh8 36. Nd4 Rh5 37. Rf4 Kg6 38. Nf3 Ra5 39. Nxh4+
Kg5 40. g3 Nh5 41. Rxf7 Nxg3 42. Nf3+ Kg6 43. Rxc7 Rxa2 44. Nd4 Ne4 45. Kg2 Kf6
46. Kf3 Ng5+ 47. Kg3 Ra1 48. h4 1-0

[Event "Lublin"]
[Site "Lublin"]
[Date "2012.??.??"]
[Round "4.2"]
[White "Szczepaniak, Lukasz"]
[Black "Polkowski, Piotr"]
[Result "1-0"]
[WhiteElo "1896"]
[BlackElo "2191"]
[PlyCount "101"]
[EventDate "2012.??.??"]

1. e4 e5 2. Nf3 Nc6 3. Bc4 Bc5 4. c3 Nf6 5. d3 d6 6. Nbd2 Bb6 7. Nf1 h6 8. Ng3
O-O 9. Bb3 Be6 10. Bc2 Ne7 11. O-O Ng6 12. Be3 Ng4 13. Bxb6 axb6 14. a3 Nf6 15.
Re1 Bg4 16. h3 Bd7 17. d4 Re8 18. Qd2 Qe7 19. Nf5 Qf8 20. Ng3 Rad8 21. d5 Nf4
22. Bd3 Qe7 23. Bf1 Rf8 24. c4 g6 25. a4 Ra8 26. a5 bxa5 27. Rxa5 b6 28. Raa1
Kh7 29. b4 N6h5 30. Qc3 Rfb8 31. c5 bxc5 32. bxc5 Qd8 33. Nxh5 Nxh5 34. c6 Be8
35. Reb1 f5 36. Nd2 fxe4 37. Nxe4 Bf7 38. Rxb8 Rxb8 39. Qd2 Nf4 40. Nc3 Qg5 41.
Kh2 Nxh3 42. Qxg5 Nxg5 43. Ra7 Rb3 44. Nb5 Bxd5 45. Rxc7+ Kg8 46. Rc8+ Kf7 47.
c7 Be6 48. Rb8 Ke7 49. Bc4 Bxc4 50. c8=Q Rxb5 51. Qe8+ 1-0

[Event "Lublin"]
[Site "Lublin"]
[Date "2012.??.??"]
[Round "4.3"]
[White "Krzyzanowski, Wojciech"]
[Black "Siedlanowski, Lukasz"]
[Result "0-1"]
[WhiteElo "1988"]
[BlackElo "1893"]
[PlyCount "78"]
[EventDate "2012.??.??"]

1. d4 d5 2. c4 dxc4 3. Nc3 e5 4. d5 a6 5. a4 Nf6 6. e4 Bb4 7. Bg5 Nbd7 8. Bxc4
h6 9. Bxf6 Nxf6 10. Qc2 Qd6 11. Nge2 O-O 12. O-O Bc5 13. Nc1 Bd7 14. Nd3 Bd4
15. Rae1 Nh5 16. Kh1 g5 17. Ne2 Bb6 18. Qc3 Rfe8 19. a5 Ba7 20. b4 Nf4 21.
Nexf4 gxf4 22. f3 Kh7 23. Nxf4 exf4 24. e5 Qg6 25. e6 Bb5 26. Bxb5 axb5 27.
Qxc7 Kg8 28. e7 Rac8 29. Qxf4 Rc2 30. Qg4 Qxg4 31. fxg4 Rd2 32. Re5 Bb8 33. d6
Bxd6 34. Rxb5 Rxe7 35. Rb6 Ree2 36. Rg1 Bf4 37. Rf1 Be3 38. Rxb7 Rxg2 39. Rb8+
Kg7 0-1

[Event "Lublin"]
[Site "Lublin"]
[Date "2012.??.??"]
[Round "4.4"]
[White "Kaluszynski, Andrzej"]
[Black "Chwalewski, Marek"]
[Result "1-0"]
[WhiteElo "1725"]
[BlackElo "1939"]
[PlyCount "83"]
[EventDate "2012.??.??"]

1. c4 Nf6 2. Nc3 d5 3. cxd5 Nxd5 4. g3 Nxc3 5. bxc3 Bd7 6. Bg2 Bc6 7. Nf3 e5 8.
O-O Bd6 9. d4 Nd7 10. Qb3 exd4 11. cxd4 O-O 12. Bg5 Qe8 13. Rfe1 h6 14. Bd2 Nf6
15. Bb4 Bd5 16. Qa3 Bxb4 17. Qxb4 Qe6 18. Nd2 a5 19. Qb2 Bxg2 20. Kxg2 b6 21.
e4 Rfe8 22. Rac1 Rac8 23. Re3 Ng4 24. Rec3 c5 25. h3 Nf6 26. d5 Qe5 27. f3 Rb8
28. Nc4 Qg5 29. h4 Qg6 30. Rb3 Nh5 31. Qf2 a4 32. Rbc3 b5 33. Na5 c4 34. Nc6
Rbc8 35. Kh2 Qd6 36. Nd4 Qa6 37. Nc6 Nf6 38. Qc5 Kh8 39. Rb1 Rxc6 40. dxc6 Qa5
41. Rb4 Qc7 42. Rxb5 1-0

[Event "Lublin"]
[Site "Lublin"]
[Date "2012.??.??"]
[Round "4.5"]
[White "Krasowski, Piotr"]
[Black "Pikulinski, Janusz"]
[Result "1-0"]
[WhiteElo "1815"]
[BlackElo "1967"]
[PlyCount "95"]
[EventDate "2012.??.??"]

1. d4 d5 2. Nf3 Nf6 3. Bf4 e6 4. e3 Be7 5. Nbd2 O-O 6. Bd3 Nbd7 7. h3 c5 8. c3
Re8 9. O-O Nf8 10. Ne5 Ng6 11. Bh2 Bd6 12. f4 Ne7 13. g4 g6 14. Bg3 Nc6 15. Bh4
Be7 16. g5 Nxe5 17. gxf6 Nxd3 18. fxe7 Qb6 19. Qc2 c4 20. b3 Qc6 21. a4 b6 22.
b4 Kg7 23. Nf3 f6 24. Qg2 Qd7 25. Ne5 fxe5 26. fxe5 Rxe7 27. Bf6+ Kg8 28. Bxe7
Qxe7 29. Rf6 a6 30. Raf1 Bd7 31. Qg5 Re8 32. h4 Qg7 33. h5 gxh5 34. Qxg7+ Kxg7
35. Rf7+ Kh6 36. R1f6+ Kg5 37. Rxd7 Rg8 38. Kh2 Rg6 39. Rdf7 Nc1 40. Rf2 Nd3
41. Rf1 Kh4 42. R7f3 Rg4 43. a5 b5 44. Rh3+ Kg5 45. Rg3 Kh4 46. Rg2 Re4 47. Rf3
Ne1 48. Rh3# 1-0

[Event "Lublin"]
[Site "Lublin"]
[Date "2012.??.??"]
[Round "5.1"]
[White "Szczepaniak, Lukasz"]
[Black "Stoma, Pawel"]
[Result "1/2-1/2"]
[WhiteElo "1896"]
[BlackElo "2310"]
[PlyCount "45"]
[EventDate "2012.??.??"]

1. e4 c6 2. d4 d5 3. f3 e6 4. Nc3 Bb4 5. Nge2 dxe4 6. fxe4 Qh4+ 7. Ng3 e5 8.
Bc4 Bg4 9. Qd3 Qe7 10. O-O Nf6 11. dxe5 Qxe5 12. Bf4 Qc5+ 13. Be3 Qd6 14. Qxd6
Bxd6 15. Bd4 Nbd7 16. e5 Nxe5 17. Bxe5 Bxe5 18. Rae1 Nd7 19. Rxf7 b5 20. Rxg7
O-O-O 21. Rxg4 bxc4 22. Rxc4 Kc7 23. Na4 1/2-1/2

[Event "Lublin"]
[Site "Lublin"]
[Date "2012.??.??"]
[Round "5.2"]
[White "Praszak, Michal"]
[Black "Kaluszynski, Andrzej"]
[Result "1-0"]
[WhiteElo "2138"]
[BlackElo "1725"]
[PlyCount "88"]
[EventDate "2012.??.??"]

1. d4 Nf6 2. c4 e6 3. Nf3 b6 4. g3 Bb7 5. Bg2 Be7 6. O-O O-O 7. d5 exd5 8. Nh4
Re8 9. cxd5 d6 10. Nc3 Nbd7 11. Nf5 Bf8 12. h3 Ne5 13. e4 Ng6 14. Nd4 a6 15.
Kh2 h6 16. Be3 Qd7 17. Qc2 Ne5 18. Rae1 b5 19. b3 c5 20. Nf5 a5 21. f4 Ng6 22.
Bg1 Rac8 23. a4 b4 24. Nb1 Ba6 25. Nd2 Bxf1 26. Rxf1 Qc7 27. Nc4 Red8 28. Rd1
Ne8 29. Be3 Ne7 30. Nh4 f6 31. Bf3 Ra8 32. Bg4 g5 33. Be6+ Kh8 34. Nf5 Nxf5 35.
Bxf5 Ng7 36. Bg6 Qe7 37. Bc1 Ne8 38. Bb2 Bg7 39. Bf5 Nc7 40. Qe2 Qf7 41. Qg4
Ra6 42. Ne3 Re8 43. Qe2 Raa8 44. Qf3 Rad8 1-0

[Event "Lublin"]
[Site "Lublin"]
[Date "2012.??.??"]
[Round "5.3"]
[White "Siedlanowski, Lukasz"]
[Black "Fiala, Lukasz"]
[Result "1-0"]
[WhiteElo "1893"]
[BlackElo "1609"]
[PlyCount "69"]
[EventDate "2012.??.??"]

1. Nf3 f5 2. g3 Nf6 3. Bg2 e6 4. d4 Be7 5. c4 c6 6. Nc3 d5 7. cxd5 exd5 8. O-O
O-O 9. Bf4 Nbd7 10. Qb3 Nh5 11. Bd2 Kh8 12. e3 Qc7 13. Ne2 g5 14. Bb4 Qd8 15.
Ne5 Nxe5 16. dxe5 Ng7 17. Bxe7 Qxe7 18. f4 g4 19. Qc3 Ne6 20. b4 Rd8 21. Rfd1
Bd7 22. a3 Be8 23. Nc1 Rac8 24. Nb3 b6 25. Rac1 Kg8 26. Rd2 h5 27. Qd3 Qf7 28.
Rdc2 Rc7 29. Nd4 Nxd4 30. exd4 Qe6 31. Rc3 Rdc8 32. Qc2 Kg7 33. Rb3 Kg6 34. Kh1
Rd8 35. Bf1 1-0

[Event "Lublin"]
[Site "Lublin"]
[Date "2012.??.??"]
[Round "5.4"]
[White "Polkowski, Piotr"]
[Black "Krasowski, Piotr"]
[Result "1-0"]
[WhiteElo "2191"]
[BlackElo "1815"]
[PlyCount "49"]
[EventDate "2012.??.??"]

1. e4 e5 2. Nc3 Nc6 3. Bc4 Nf6 4. d3 Na5 5. Nf3 Nxc4 6. dxc4 Bb4 7. Qd3 d6 8.
Bd2 Bxc3 9. Bxc3 h6 10. O-O-O b6 11. Bxe5 Bg4 12. Bc3 Nd7 13. h3 Nc5 14. Qe3
Bxf3 15. gxf3 f6 16. f4 Qc8 17. e5 dxe5 18. fxe5 f5 19. e6 O-O 20. Rhg1 Nxe6
21. Qxe6+ Qxe6 22. Rxg7+ Kh8 23. Rg6+ Rf6 24. Rxf6 Qg8 25. Rxh6# 1-0

[Event "Lublin"]
[Site "Lublin"]
[Date "2012.??.??"]
[Round "5.5"]
[White "Chwalewski, Marek"]
[Black "Krzyzanowski, Wojciech"]
[Result "1-0"]
[WhiteElo "1939"]
[BlackElo "1988"]
[PlyCount "62"]
[EventDate "2012.??.??"]

1. Nf3 d5 2. d4 Nf6 3. h3 Bf5 4. Bg5 e6 5. Nbd2 Be7 6. Nh4 Bg6 7. Nxg6 hxg6 8.
Bxf6 Bxf6 9. c3 Nd7 10. e4 dxe4 11. Nxe4 Be7 12. Be2 Nf6 13. Bf3 Nxe4 14. Bxe4
c6 15. O-O g5 16. Qe2 Qd6 17. Bc2 O-O-O 18. Rad1 Bf6 19. b4 Rh4 20. b5 g4 21.
g3 Rxh3 22. Qxg4 Rdh8 23. Be4 cxb5 24. Bg2 R3h6 25. Rb1 Qd7 26. a4 Rh5 27. Rfd1
a6 28. Qe2 Be7 29. c4 Rh2 30. cxb5 Rxg2+ 31. Kxg2 axb5 1-0

[Event "Lublin"]
[Site "Lublin"]
[Date "2012.??.??"]
[Round "5.6"]
[White "Pikulinski, Janusz"]
[Black "Czerw, Dawid"]
[Result "1/2-1/2"]
[WhiteElo "1967"]
[BlackElo "1957"]
[PlyCount "50"]
[EventDate "2012.??.??"]

1. e4 e6 2. d4 d5 3. Nd2 Be7 4. Ngf3 Nf6 5. exd5 exd5 6. Bd3 Bg4 7. c3 c6 8.
Qc2 Nbd7 9. O-O O-O 10. Ne5 Bh5 11. Bf5 Bg6 12. Nxg6 hxg6 13. Bd3 Qc7 14. Nf3
Rfe8 15. g3 Bd6 16. Ng5 Nf8 17. Bd2 N6h7 18. Nf3 Re6 19. Rae1 Rae8 20. Rxe6
Rxe6 21. Re1 Rxe1+ 22. Bxe1 Qe7 23. Qe2 Qxe2 24. Bxe2 Nf6 25. Ng5 N6h7 1/2-1/2

[Event "Lublin"]
[Site "Lublin"]
[Date "2012.??.??"]
[Round "6.2"]
[White "Praszak, Michal"]
[Black "Szczepaniak, Lukasz"]
[Result "1/2-1/2"]
[WhiteElo "2138"]
[BlackElo "1896"]
[PlyCount "80"]
[EventDate "2012.??.??"]

1. d4 d5 2. c4 c6 3. Nf3 Nf6 4. Qd3 e6 5. g3 Nbd7 6. Bg2 Bd6 7. O-O O-O 8. Nc3
dxc4 9. Qxc4 e5 10. Rd1 Qe7 11. e4 Re8 12. h3 h6 13. Be3 Bc7 14. Rac1 Bb6 15.
Kh2 exd4 16. Nxd4 Ne5 17. Qe2 Ng6 18. f4 Bd7 19. e5 Rad8 20. Bg1 Nh7 21. Na4 c5
22. Nxb6 axb6 23. Nb5 Bc6 24. Qf1 Rxd1 25. Rxd1 h5 26. Nd6 Ra8 27. a3 h4 28. g4
Ra4 29. Nf5 Qc7 30. Be3 Nhf8 31. Bxc6 bxc6 32. Rd6 Ne6 33. Qd1 b5 34. Rd7 Qb8
35. Qf3 Qc8 36. Rxf7 b4 37. Nd6 Qa6 38. Rb7 bxa3 39. Rb8+ Nef8 40. bxa3 Rxa3
1/2-1/2

[Event "Lublin"]
[Site "Lublin"]
[Date "2012.??.??"]
[Round "6.3"]
[White "Kaluszynski, Andrzej"]
[Black "Siedlanowski, Lukasz"]
[Result "1/2-1/2"]
[WhiteElo "1725"]
[BlackElo "1893"]
[PlyCount "60"]
[EventDate "2012.??.??"]

1. c4 f5 2. Nf3 Nf6 3. Nc3 e6 4. e3 Be7 5. d4 O-O 6. Bd3 b6 7. Rb1 Bb7 8. b4
Qe8 9. O-O Qg6 10. Ne1 d6 11. Qc2 Qf7 12. e4 fxe4 13. Nxe4 Bxe4 14. Bxe4 Nxe4
15. Qxe4 d5 16. Qe2 Nc6 17. cxd5 exd5 18. Nc2 Bf6 19. Be3 Ne7 20. Qd3 Nc8 21.
b5 Nd6 22. Nb4 Rfe8 23. Rbc1 Rad8 24. Nc6 Rd7 25. Rc2 Nc4 26. Rfc1 Qe6 27. Rc3
a5 28. h3 g6 29. Qd1 Bg7 30. Bf4 Rf7 1/2-1/2